00716nam a22001817a 4500003000200000005001700002008004100019050002200060100003200082245015500114260007100269300002600340500004000366504005600406650002000462650002300482650002900505020250219155322.0250219b xxu||||| |||| 00| 0 eng d aHG 181b.M33 2023 aMacalalag, John Michael P.  aThe role of mobile wallets on the operational efficiency of micro enterprises as perceived by the owners in las pinas city.cJohn Michael P. Macalalag aLas Pinas CitybSouthville International School and Collegesc2023 aix, 152 pages;c28cm. aBachelor of Science in Accountancy. aIncludes bibliographical references and appendices. aMobile Wallets. aMicro Enterprises. aDigital Payment Systems.